000 00845nam a2200229 u 4500
001 000466522
003 AM-YeHGA
005 20250617133729.0
008 051130s1979 ||| r 000 0 rus d
040 _aAM-YeHGA
041 0 _arus
100 1 _aРоманов, Александр Петрович.
245 1 0 _aКосмонавт-Два :
_b[О Г.С. Титове] /
_cАлександр Романов.
260 _aМосква :
_bПолитиздат,
_c1979.
300 _a111 с. :
_b[4] л. илл. ;
_c17 см.
440 0 _aГерои Советской Родины
600 1 4 _aТитов, Герман Степанович
650 1 4 _aКосмонавтика
650 1 4 _aКосмические летательные аппараты
653 0 _aЛетчики-космонавты СССР
090 _c171612
999 _c170175
_d170175